| 000 | 00790cam a2200241 4500 | ||
|---|---|---|---|
| 001 | X103284 | ||
| 008 | 000000n1999 000 0 eng u | ||
| 035 | _a(Sirsi) u103284 | ||
| 100 | _aSpring, M. | ||
| 245 | _aPost modern | ||
| 260 | _c1999 | ||
| 490 |
_aBuilding _v 264(8115) 3 December 1999, 36-41(5) |
||
| 520 | _aReviews the conversion of Newcastle's Victorian post office building into a mixed-use development, which includes luxury apartments, office space, a roof terrace and car parking. Contains cost data. | ||
| 590 | _aABS | ||
| 650 | _aPOST OFFICE | ||
| 650 | _aNEWCASTLE | ||
| 650 | _aMIXED-USE DEVELOPMENTS | ||
| 650 | _aOFFICE SPACE | ||
| 650 | _aLUXURY APARTMENTS | ||
| 650 | _aPARKING SPACES | ||
| 690 | _aBUILDING AND CONSTRUCTION-PROJECTS | ||
| 942 | _n0 | ||
| 999 |
_c62067 _d62067 |
||